<?xml version="1.0" encoding="UTF-8"?>
<record
    xmlns:xsi="http://www.w3.org/2001/XMLSchema-instance"
    xsi:schemaLocation="http://www.loc.gov/MARC21/slim http://www.loc.gov/standards/marcxml/schema/MARC21slim.xsd"
    xmlns="http://www.loc.gov/MARC21/slim">

  <leader>00712nam a22001577a 4500</leader>
  <controlfield tag="003">OSt</controlfield>
  <controlfield tag="005">20161128115009.0</controlfield>
  <controlfield tag="008">161128b        xxu||||| |||| 00| 0 eng d</controlfield>
  <datafield tag="040" ind1=" " ind2=" ">
    <subfield code="c">RUA</subfield>
  </datafield>
  <datafield tag="082" ind1=" " ind2=" ">
    <subfield code="a">AGR EK B535 2014 Or.</subfield>
  </datafield>
  <datafield tag="100" ind1=" " ind2=" ">
    <subfield code="9">11432</subfield>
    <subfield code="a">EK PHANNA; &#x17AF;&#x1780; &#x1795;&#x17B6;&#x1793;&#x17CB;&#x178E;&#x17B6;</subfield>
  </datafield>
  <datafield tag="245" ind1=" " ind2=" ">
    <subfield code="a">Comparison different rates of urea fertilizers on lettuce at royal university of agriculture; &#x1794;&#x17D2;&#x179A;&#x17C0;&#x1794;&#x1792;&#x17D2;&#x179A;&#x17C0;&#x1794;&#x1780;&#x1798;&#x17D2;&#x179A;&#x17B7;&#x178F;&#x1787;&#x17B8;&#x17A2;&#x17CA;&#x17BB;&#x1799;&#x179A;&#x17C9;&#x17C1;&#x1781;&#x17BB;&#x179F;&#x17D7;&#x1782;&#x17D2;&#x1793;&#x17B6;&#x1791;&#x17C5;&#x179B;&#x17BE;&#x178A;&#x17C6;&#x178E;&#x17B6;&#x17C6;&#x179F;&#x17B6;&#x179B;&#x17B6;&#x178A; &#x1793;&#x17C5;&#x179F;&#x17B6;&#x1780;&#x179B;&#x179C;&#x17B7;&#x1791;&#x17D2;&#x1799;&#x17B6;&#x179B;&#x17D0;&#x1799;&#x1797;&#x17BC;&#x1798;&#x17B7;&#x1793;&#x17D2;&#x1791;&#x1797;&#x17D2;&#x1793;&#x17C6;&#x1796;&#x17C1;&#x1789;</subfield>
  </datafield>
  <datafield tag="260" ind1=" " ind2=" ">
    <subfield code="a">RUA</subfield>
    <subfield code="b">Phnom Penh</subfield>
    <subfield code="c">2014</subfield>
  </datafield>
  <datafield tag="300" ind1=" " ind2=" ">
    <subfield code="a">xii; 43p.</subfield>
    <subfield code="b">ill.</subfield>
    <subfield code="c">29cm.</subfield>
  </datafield>
  <datafield tag="942" ind1=" " ind2=" ">
    <subfield code="2">ddc</subfield>
    <subfield code="c">AGR</subfield>
  </datafield>
  <datafield tag="999" ind1=" " ind2=" ">
    <subfield code="c">10988</subfield>
    <subfield code="d">10988</subfield>
  </datafield>
  <datafield tag="952" ind1=" " ind2=" ">
    <subfield code="0">0</subfield>
    <subfield code="1">0</subfield>
    <subfield code="2">ddc</subfield>
    <subfield code="4">0</subfield>
    <subfield code="6">AGR_EK_B535_2014_000000000000000_OR_1</subfield>
    <subfield code="7">0</subfield>
    <subfield code="9">58034</subfield>
    <subfield code="a">LBB</subfield>
    <subfield code="b">LBB</subfield>
    <subfield code="c">B535</subfield>
    <subfield code="d">2016-11-28</subfield>
    <subfield code="l">6</subfield>
    <subfield code="o">AGR EK B535 2014 Or.1</subfield>
    <subfield code="p">A04045</subfield>
    <subfield code="r">2019-10-04</subfield>
    <subfield code="s">2019-07-12</subfield>
    <subfield code="w">2016-11-28</subfield>
    <subfield code="y">AGR</subfield>
  </datafield>
  <datafield tag="952" ind1=" " ind2=" ">
    <subfield code="0">0</subfield>
    <subfield code="1">0</subfield>
    <subfield code="2">ddc</subfield>
    <subfield code="4">0</subfield>
    <subfield code="6">AGR_EK_B535_2014_000000000000000_OR_2</subfield>
    <subfield code="7">0</subfield>
    <subfield code="9">58035</subfield>
    <subfield code="a">LBB</subfield>
    <subfield code="b">LBB</subfield>
    <subfield code="c">B535</subfield>
    <subfield code="d">2016-11-28</subfield>
    <subfield code="l">3</subfield>
    <subfield code="o">AGR EK B535 2014 Or.2</subfield>
    <subfield code="p">A03648</subfield>
    <subfield code="r">2024-07-09</subfield>
    <subfield code="s">2024-06-07</subfield>
    <subfield code="w">2016-11-28</subfield>
    <subfield code="y">AGR</subfield>
  </datafield>
  <datafield tag="952" ind1=" " ind2=" ">
    <subfield code="0">0</subfield>
    <subfield code="1">0</subfield>
    <subfield code="2">ddc</subfield>
    <subfield code="4">0</subfield>
    <subfield code="6">AGR_EK_B535_2014_000000000000000_OR_3</subfield>
    <subfield code="7">0</subfield>
    <subfield code="9">58036</subfield>
    <subfield code="a">LBB</subfield>
    <subfield code="b">LBB</subfield>
    <subfield code="c">B535</subfield>
    <subfield code="d">2016-11-28</subfield>
    <subfield code="o">AGR EK B535 2014 Or.3</subfield>
    <subfield code="p">A03666</subfield>
    <subfield code="r">2016-11-28</subfield>
    <subfield code="w">2016-11-28</subfield>
    <subfield code="y">AGR</subfield>
  </datafield>
  <datafield tag="952" ind1=" " ind2=" ">
    <subfield code="0">0</subfield>
    <subfield code="1">0</subfield>
    <subfield code="2">ddc</subfield>
    <subfield code="4">0</subfield>
    <subfield code="6">AGR_EK_B535_2014_000000000000000_OR_4</subfield>
    <subfield code="7">0</subfield>
    <subfield code="9">58037</subfield>
    <subfield code="a">LBB</subfield>
    <subfield code="b">LBB</subfield>
    <subfield code="c">B535</subfield>
    <subfield code="d">2016-11-28</subfield>
    <subfield code="l">1</subfield>
    <subfield code="o">AGR EK B535 2014 Or.4</subfield>
    <subfield code="p">A04263</subfield>
    <subfield code="r">2023-10-18</subfield>
    <subfield code="s">2023-09-18</subfield>
    <subfield code="w">2016-11-28</subfield>
    <subfield code="y">AGR</subfield>
  </datafield>
  <datafield tag="952" ind1=" " ind2=" ">
    <subfield code="0">0</subfield>
    <subfield code="1">0</subfield>
    <subfield code="2">ddc</subfield>
    <subfield code="4">0</subfield>
    <subfield code="6">AGR_EK_B535_2014_000000000000000_OR_5</subfield>
    <subfield code="7">0</subfield>
    <subfield code="9">58038</subfield>
    <subfield code="a">LBB</subfield>
    <subfield code="b">LBB</subfield>
    <subfield code="c">B535</subfield>
    <subfield code="d">2016-11-28</subfield>
    <subfield code="o">AGR EK B535 2014 Or.5</subfield>
    <subfield code="p">A03750</subfield>
    <subfield code="r">2016-11-28</subfield>
    <subfield code="w">2016-11-28</subfield>
    <subfield code="y">AGR</subfield>
  </datafield>
  <datafield tag="952" ind1=" " ind2=" ">
    <subfield code="0">0</subfield>
    <subfield code="1">0</subfield>
    <subfield code="2">ddc</subfield>
    <subfield code="4">0</subfield>
    <subfield code="6">AGR_EK_B535_2014_000000000000000_OR_6</subfield>
    <subfield code="7">0</subfield>
    <subfield code="9">58039</subfield>
    <subfield code="a">LBB</subfield>
    <subfield code="b">LBB</subfield>
    <subfield code="c">B535</subfield>
    <subfield code="d">2016-11-28</subfield>
    <subfield code="l">2</subfield>
    <subfield code="o">AGR EK B535 2014 Or.6</subfield>
    <subfield code="p">A03970</subfield>
    <subfield code="r">2019-02-20</subfield>
    <subfield code="s">2019-01-18</subfield>
    <subfield code="w">2016-11-28</subfield>
    <subfield code="y">AGR</subfield>
  </datafield>
  <datafield tag="952" ind1=" " ind2=" ">
    <subfield code="0">0</subfield>
    <subfield code="1">0</subfield>
    <subfield code="2">ddc</subfield>
    <subfield code="4">0</subfield>
    <subfield code="6">AGR_EK_B535_2014_000000000000000_OR_7</subfield>
    <subfield code="7">0</subfield>
    <subfield code="9">58040</subfield>
    <subfield code="a">LBB</subfield>
    <subfield code="b">LBB</subfield>
    <subfield code="c">B535</subfield>
    <subfield code="d">2016-11-28</subfield>
    <subfield code="l">2</subfield>
    <subfield code="o">AGR EK B535 2014 Or.7</subfield>
    <subfield code="p">A04139</subfield>
    <subfield code="r">2017-11-13</subfield>
    <subfield code="s">2017-10-20</subfield>
    <subfield code="w">2016-11-28</subfield>
    <subfield code="y">AGR</subfield>
  </datafield>
  <datafield tag="952" ind1=" " ind2=" ">
    <subfield code="0">0</subfield>
    <subfield code="1">0</subfield>
    <subfield code="2">ddc</subfield>
    <subfield code="4">0</subfield>
    <subfield code="6">AGR_EK_B535_2014_000000000000000_OR_8</subfield>
    <subfield code="7">0</subfield>
    <subfield code="9">58041</subfield>
    <subfield code="a">LBB</subfield>
    <subfield code="b">LBB</subfield>
    <subfield code="c">B535</subfield>
    <subfield code="d">2016-11-28</subfield>
    <subfield code="o">AGR EK B535 2014 Or.8</subfield>
    <subfield code="p">A03355</subfield>
    <subfield code="r">2016-11-28</subfield>
    <subfield code="w">2016-11-28</subfield>
    <subfield code="y">AGR</subfield>
  </datafield>
</record>
